01923njm a2200385Ia 450000100060000000300090000600500170001500800410003204000130007304000130008604100130009910000130011210000180012510000380014324500110018125000110019226000110020326000760021430000100029030000300030050000330033050501800036351101400054365000540068370000770073770000850081470000900089970000840098970000930107370000730116670000840123970000780132370000790140170000570148085348IT-RoPAU20220918181157.0131025s9999 xx 000 0 und d aIT-RoPAU cIT-RoPAU aITALIANO aLitfiba  eAutore musica gCodice autore musica SPICS: 29904 aPirata a1a ed. aMILANO bCGD - MESSAGGERIE MUSICALIc1989 [1a Ed.:1989 - Ed. Lingua Orig.: 1989] aDISCO c41 minuti (Testo: 0 pag.) aMusica pop. Canzone italiana aDio - Tex - Pioggia di luce - Gira nel mio cerchio - Lulù e Marlene - Louisiana - Tequila (2:00) - Cangaceiro (2:00) - Il vento (5:00) - Raw Hide (3:00) - Cannon Song (3:00) aLitfiba: Pelù Piero (voce), Renzulli Ghigo (chitarra), De Palma Ringo (batteria), Aiazzi Antonio (tastiere), Maroccolo Gianni (basso) aPOP ITALIANO [DISCHI]eCodice MATERIA SPICS: 9950 aLitfiba eAutore testo e musicagCodice autore testo/musica SPICS: 29904 aRio ChuckeAutore testo/musicagCodice autore testo/musica SPICS: 15714pTequila aPelù PieroeAutore musicagCodice autore musica SPICS: 29905pCangaceiro - Il vento aRenzulli F.e SPICS: 29906gCodice autore testo/musica SPICS: 29906pCangaceiro aMaroccolo GiannieCodice autore testo/musica SPICS: 29907gAutore testo/musicapIl vento aGrant M.eAutore musicagCodice autore musica SPICS: 29908pRaw Hide aWray L.eAutore testo/musicagCodice autore testo/musica SPICS: 29909pRaw Hide aWeill KurteAutore musicagCodice autore musica SPICS: 11200pCannon Song aBrecht BertolteAutore testogCodice autore testo SPICS: 8828pCannon Song aLitfiba gCodice interprete SPICS: 29904eInterprete